000 00752nam a2200289Ia 4500
001 88407
003 IT-RoPAU
008 130308s9999 xx 000 0 und d
040 _aIT-RoPAU
040 _cIT-RoPAU
041 _aITALIANO
100 _aCodelli Lorenzo
100 _gCodice Aut. SPICS: 20375
245 _aUn nuovo genere: il serial
245 _b"Cinema & Film-2-L'Eta' d'oro del ""Muto"""
250 _a1a ed.
260 _aROMA
260 _bCurcio
260 _c1988 [1° Ed.:1988 - Ed.Ling.Originale:1988]
300 _a"7 p. (prefazione: no ; testo: 7 [pagine: 514-520])"
650 _aENCICLOPEDIE DEL CINEMA
650 _eCodice materia Spics: 6801
942 _cBK
957 _71
999 _c51430
_d51430
999 _bSI
999 _g1